| 000 | 00705nam a2200217 i 4500 | ||
|---|---|---|---|
| 001 | 7664 | ||
| 003 | ES-MaACL | ||
| 005 | 20230906145305.0 | ||
| 008 | 910320s1988 sp a d |||| | spa d | ||
| 020 | _a84-7583-132-X | ||
| 080 | _a42.3=6 | ||
| 080 | _a46.3=2 | ||
| 245 | 0 | 0 |
_aQué es qué _b= What's what : enciclopedia visual bilingüe español-inglés. |
| 246 | 3 | 1 | _aWhat's what |
| 260 |
_aBarcelona : _bFolio, _c[1988] |
||
| 300 |
_aXII, 627 p. : _bprincipalmente il. ; _c25 cm. |
||
| 500 | _aÍndices español e inglés. | ||
| 650 | 1 | 4 |
_aLengua inglesa- _vDiccionarios- _xEspañol. _914270 |
| 650 | 1 | 4 |
_aLengua española- _vDiccionarios- _xInglés. _914142 |
| 852 |
_aES-MaACL _jL-14969 _z- enc. cart. |
||
| 999 |
_c7664 _d7664 |
||